New Zealand parliamentary record, 1840-1949 / (Record no. 2414)

MARC details
000 -LEADER
fixed length control field 00738nam a2200253 a 4500
001 - CONTROL NUMBER
control field 4290383
003 - CONTROL NUMBER IDENTIFIER
control field OSt
005 - DATE AND TIME OF LATEST TRANSACTION
control field 20230623100756.0
008 - FIXED-LENGTH DATA ELEMENTS--GENERAL INFORMATION
fixed length control field 851220s1985 nz a f001 0 eng
010 ## - LIBRARY OF CONGRESS CONTROL NUMBER
LC control number 85242213
040 ## - CATALOGING SOURCE
Original cataloging agency DLC
Transcribing agency DLC
Modifying agency DLC
043 ## - GEOGRAPHIC AREA CODE
Geographic area code u-nz---
050 00 - LIBRARY OF CONGRESS CALL NUMBER
Classification number JQ5854
Item number .W55 1985
082 00 - DEWEY DECIMAL CLASSIFICATION NUMBER
Classification number 328.93
Item number SCH
100 1# - MAIN ENTRY--PERSONAL NAME
Personal name Wilson, J. O.
Titles and words associated with a name Guy H.Scholefield
245 10 - TITLE STATEMENT
Title New Zealand parliamentary record, 1840-1949 /
260 ## - PUBLICATION, DISTRIBUTION, ETC. (IMPRINT)
Place of publication, distribution, etc. Wellington, N.Z. :
Name of publisher, distributor, etc. V.R. Ward, Govt. Printer,
Date of publication, distribution, etc. 1950
300 ## - PHYSICAL DESCRIPTION
Extent 244p
Other physical details ill. ;
Dimensions 25 cm.
500 ## - GENERAL NOTE
General note Includes index.
610 10 - SUBJECT ADDED ENTRY--CORPORATE NAME
Corporate name or jurisdiction name as entry element New Zealand.
Subordinate unit Parliament
General subdivision History.
710 1# - ADDED ENTRY--CORPORATE NAME
Corporate name or jurisdiction name as entry element New Zealand.
Subordinate unit Parliament.
906 ## - LOCAL DATA ELEMENT F, LDF (RLIN)
a 7
b cbc
c orignew
d 3
e ncip
f 19
g y-gencatlg
942 ## - ADDED ENTRY ELEMENTS (KOHA)
Source of classification or shelving scheme Dewey Decimal Classification
Koha item type Books
Holdings
Withdrawn status Lost status Source of classification or shelving scheme Damaged status Not for loan Home library Current library Date acquired Total Checkouts Full call number Barcode Date last seen Price effective from Koha item type
    Dewey Decimal Classification     County Hall Archives County Hall Archives 06/23/2023   328.93 SCH 10000370 06/23/2023 06/23/2023 Books
LIBRARY OPENING HOURS

When the Parliament is sitting: 8.00a.m - 7.00p.m or until the house adjourns
Mondays and Fridays and when the House is on Recess:  8.00a.m - 5.00p.m
Closed on Weekends and Public Holidays

Online Public Access Catalog (OPAC)
Website: http://www.parliament.go.ke
Bunge Library: https://libraryir.parliament.go.ke
Contact: library@parliament.go.ke | Tel no: (254-2)2221291 or 2848000 Ext 5043